000 00696nam a2200205Ia 4500
005 20240530110928.0
008 140319s1981 ua a g 000 0 ara d
040 _aGCL /
_cGCL
082 0 4 _a909\
_bج م
100 0 _aجماعة من المؤرخين السوفيات
245 1 0 _aموجز تاريخ العالم /
_cجماعة من المؤرخين السوفيات
250 _aط. 1
260 _aبيروت :
_bدار الفرابى،
_c1989
300 _a2 جزء ؛
_c24 سم.
650 0 7 _aالعالم
_xتاريخ
650 0 7 _aالراسمالية
650 0 7 _aالامبراطورية الرومانية
942 _2ddc
_cBK
999 _c66598
_d66598